Statistiques concernant Villes les plus peuplées du Caucase (Russie, Géorgie, Arménie, Azerbaïdjan) sur une carte

Cliquez ici pour prendre le quiz!

Statistiques générales

  • Ce quiz a été pris 123 fois
  • Le résultat moyen est 6 sur 21

Réponses sur la Carte

Les réponses sont colorées sur une échelle allant du rouge au vert en fonction du pourcentage des utilisateurs qui les ont devinées à leur premier essai. Vous pouvez retrouver ces pourcentages ci-dessous.
 

Statistiques - réponses

PopulationVille% Correct
1 154 314Tbilissi
94%
1 091 700Erevan
90%
1 291 000Bakou
83%
328 533Grozny
63%
169 095Batoumi
49%
623 254Makhatchkala
45%
112 100Gyumri
23%
135 201Koutaïssi
22%
295 830Vladikavkaz
22%
299 100Gandja
18%
124 953Derbent
13%
247 054Naltchik
13%
128 680Roustavi
11%
435 600Sumqayıt
11%
155 144Khassaviourt
10%
122 350Nazran
10%
113 226Tcherkessk
7%
121 140Kaspiisk
6%
119 977Mingatchevir
4%
213 400Khirdalan
1%
109 100Maştağa
1%

Distribution des résultats

Percentile par nombre de réponses

% des personnes avec chaque résultat

Votre développement - résultats

Vous n’avez pas pris ce quiz